00850nam a2200265Ia 450000500170000000800410001702000190005810000300007724500750010725000190018230000270020149000130022865000360024165000400027765000400031770000330035794200150039026400300040533600270043533700330046233800280049504000350052308400110055899900150056920220317001042.0160825s2007 sp g 000 0 spa  a978848310660121 aLowry, Malcolmd1909-195710aBajo el volcáncMalcolm Lowry ; traducción de Raúl Ortiz y Ortiz a3a. edición  a415 páginas c22 cm  aFábula142LEMBaNovela inglesa ySiglo XX142LEMBaLiteratura inglesa ySiglo XX142LEMBaAlcoholismo en la literatura 1 aOrtiz y Ortiz, Raúl911370 2loccBKLIT aBarcelonabTusquetsc2007 atextobtxt2rdacontent asin mediaciónbn2rdamedia avolumenbnc2rdacarrier aCO-BoRNBPbspaerdacCO-BoRNBP aN LOW1 c5792d5792